000 00299nam a2200109Ia 4500
008 201217s9999 xx 000 0 und d
100 _aGreenhill, Basil
245 0 _aArchaeology of the Boat : A New Introductory Study
260 _aMiddletown
_bWesleyan University Press
300 _a320
942 _cBK
999 _c7246
_d7246